[Event "First Saturday 2010 februar GM"]
[Site "?"]
[Date "2010.02.06"]
[Round "1"]
[White "Ilincic, Zlatko"]
[Black "Varga, Zoltan"]
[Result "1/2-1/2"]
[WhiteElo "2464"]
[BlackElo "2485"]
[PlyCount "50"]
[EventDate "2010.02.06"]

1. d4 d5 2. c4 c6 3. Nf3 Nf6 4. e3 Bg4 5. h3 Bxf3 6. Qxf3 e6 7. Nc3 Nbd7 8. Bd3
Bb4 9. Bd2 O-O 10. a3 Ba5 11. b4 Bc7 12. cxd5 cxd5 13. O-O Rc8 14. e4 dxe4 15.
Nxe4 Nd5 16. Rac1 h6 17. Rfe1 Qh4 18. Bf1 Rfd8 19. g3 Qe7 20. Bg2 Bb6 21. Nc5
N7f6 22. Qe2 a5 23. bxa5 Bxc5 24. dxc5 Rxc5 25. Rxc5 Qxc5 1/2-1/2

[Event "First Saturday 2010 februar GM"]
[Site "?"]
[Date "2010.02.06"]
[Round "1"]
[White "Quinn, Mark"]
[Black "Padmini, Rout"]
[Result "1/2-1/2"]
[WhiteElo "2401"]
[BlackElo "2294"]
[PlyCount "84"]
[EventDate "2010.02.06"]

1. c4 Nf6 2. Nc3 e5 3. Nf3 Nc6 4. a3 a5 5. e3 Be7 6. Qc2 O-O 7. b3 d5 8. cxd5
Nxd5 9. Nxd5 Qxd5 10. Bd3 Kh8 11. Bb2 Be6 12. Bc4 Qd6 13. Rc1 Bxc4 14. bxc4 f5
15. d3 Rad8 16. Rd1 e4 17. Nd4 Ne5 18. dxe4 fxe4 19. Qxe4 Nxc4 20. Ba1 c5 21.
O-O cxd4 22. Rxd4 Nd2 23. Qd3 Nxf1 24. Rxd6 Rxd6 25. Bd4 Nxe3 26. fxe3 Bf6 27.
h3 Rfd8 28. Qb5 Bxd4 29. exd4 b6 30. Kh2 h6 31. Kg1 Rf8 32. Qe5 Rfd8 33. Qb5
R8d7 34. Kh2 Kh7 35. Kg1 Kg8 36. Qc4+ Kf8 37. Qc8+ Kf7 38. Qb8 Ke6 39. Qg8+ Rf7
40. Qe8+ Re7 41. d5+ Rxd5 42. Qg8+ Ke5 {After 10 move} 1/2-1/2

[Event "First Saturday 2010 februar GM"]
[Site "?"]
[Date "2010.02.06"]
[Round "1"]
[White "Rapport, Richard"]
[Black "Pap, Gyula"]
[Result "1/2-1/2"]
[WhiteElo "2444"]
[BlackElo "2478"]
[PlyCount "91"]
[EventDate "2010.02.06"]

1. d4 d5 2. c4 e6 3. Nc3 Bb4 4. Nf3 Nf6 5. Bg5 Nbd7 6. cxd5 exd5 7. Qc2 O-O 8.
a3 Bxc3+ 9. Qxc3 c6 10. Nd2 Qe8 11. f3 Qe6 12. Bh4 b6 13. e3 Bb7 14. Be2 Rfe8
15. Bf2 c5 16. O-O Rac8 17. Rac1 Qc6 18. Bd3 Qe6 19. Bb1 Ba6 20. Rfe1 h6 21. e4
cxd4 22. Qxd4 Rxc1 23. Rxc1 dxe4 24. Nxe4 Nxe4 25. Qxe4 Qxe4 26. Bxe4 Nf6 27.
Bb1 Nd5 28. Ba2 Bb7 29. Rd1 Rd8 30. Bh4 Rd7 31. Rd4 Kf8 32. Bb1 g5 33. Bg3 Bc6
34. Bf5 Rd8 35. b4 Ke7 36. Be4 Ke6 37. Bd3 f5 38. f4 b5 39. Bb1 Rd7 40. Ba2 Kf6
41. fxg5+ hxg5 42. Bf2 Ke5 43. Rd3 Nb6 44. Rxd7 Bxd7 45. g3 g4 46. Kf1 1/2-1/2

[Event "First Saturday 2010 februar GM"]
[Site "?"]
[Date "2010.02.06"]
[Round "1"]
[White "Platzgummer, Fabian"]
[Black "Yu, Lie"]
[Result "1/2-1/2"]
[WhiteElo "2401"]
[BlackElo "2359"]
[PlyCount "27"]
[EventDate "2010.02.06"]

1. Nf3 Nf6 2. c4 e6 3. g3 d5 4. d4 dxc4 5. Bg2 c5 6. Qa4+ Bd7 7. Qxc4 Nc6 8.
Nc3 b5 9. Qd3 Rc8 10. O-O Nb4 11. Qd1 Bc6 12. a3 Na6 13. Qd3 Qb6 14. Rd1
1/2-1/2

[Event "First Saturday 2010 februar GM"]
[Site "?"]
[Date "2010.02.06"]
[Round "1"]
[White "Paschall, William M"]
[Black "Sahu, Sekhar Chandra"]
[Result "1-0"]
[WhiteElo "2398"]
[BlackElo "2258"]
[PlyCount "165"]
[EventDate "2010.02.06"]

1. d4 Nf6 2. c4 e6 3. Nf3 d5 4. Nc3 Be7 5. Bg5 O-O 6. e3 b6 7. Be2 Bb7 8. Bxf6
Bxf6 9. cxd5 exd5 10. b4 c6 11. Qb3 Qe7 12. b5 Rd8 13. bxc6 Nxc6 14. O-O Na5
15. Qa4 Rac8 16. Rac1 a6 17. Bd3 Nc4 18. Qc2 g6 19. Qe2 b5 20. a4 Bc6 21. axb5
axb5 22. Rb1 b4 23. Na2 Rb8 24. Nd2 Na3 25. Rb2 Ba4 26. Qf3 Bg7 27. g3 Bf8 28.
Rc1 Qd7 29. h4 Rbc8 30. Rxc8 Qxc8 31. Qe2 Qc7 32. Kg2 Rb8 33. Nb3 Qa7 34. Nac1
Rc8 35. h5 Rc3 36. hxg6 hxg6 37. Qd1 Qc7 38. Ne2 Kg7 39. Nxc3 bxc3 40. Ra2 Qb8
41. Rxa3 Bxa3 42. Bc2 Bd6 43. Qb1 Qb4 44. Qa2 Qc4 45. Qb1 Bb5 46. Qd1 Ba3 47.
Qa1 Bb2 48. Qd1 Ba3 49. Qa1 Qb4 50. Qd1 Qe7 51. Qf3 Qc7 52. Kg1 Bc4 53. Qd1 Bd6
54. Kg2 Qb6 55. Nc1 Qb2 56. Nd3 Qa2 57. Ne1 Kf8 58. Nf3 Ke7 59. Ng5 Bb5 60. Nf3
Bd7 61. Ne1 Qb2 62. Nd3 Qa2 63. Bb3 Qd2 64. Qxd2 cxd2 65. Nb2 Ba3 66. Nd1 Kd6
67. f3 Bb5 68. Kf2 Bb4 69. g4 Ba5 70. Nb2 Bb4 71. g5 Ba5 72. Nd1 Bd8 73. f4 Bb6
74. Nc3 Bd3 75. Nd1 Bd8 76. Nb2 Ba6 77. e4 dxe4 78. Bxf7 Ba5 79. Ke3 Bd3 80.
Bxg6 Bc3 81. Nd1 Bxd4+ 82. Kxd4 Bc2 83. Bh5 1-0

[Event "First Saturday 2010 februar GM"]
[Site "?"]
[Date "2010.02.06"]
[Round "1"]
[White "Boros, Denes"]
[Black "Farago, Ivan"]
[Result "1/2-1/2"]
[WhiteElo "2494"]
[BlackElo "2512"]
[PlyCount "32"]
[EventDate "2010.02.06"]

1. e4 e5 2. Nf3 Nf6 3. Nxe5 d6 4. Nf3 Nxe4 5. d4 d5 6. Bd3 Nd6 7. O-O Be7 8.
Bf4 O-O 9. Nc3 c6 10. Re1 Re8 11. Ne2 Ne4 12. c3 Bf5 13. Ng3 Nxg3 14. Bxg3 Bxd3
15. Qxd3 Nd7 16. Ne5 Nxe5 1/2-1/2

[Event "First Saturday 2010 februar GM"]
[Site "?"]
[Date "2010.02.07"]
[Round "2"]
[White "Sahu, Sekhar Chandra"]
[Black "Boros, Denes"]
[Result "1-0"]
[WhiteElo "2258"]
[BlackElo "2494"]
[PlyCount "119"]
[EventDate "2010.02.06"]

1. e4 e6 2. Qe2 Be7 3. Nf3 d5 4. d3 Nf6 5. g3 b6 6. e5 Nfd7 7. Bg2 Bb7 8. O-O
c5 9. h4 h6 10. h5 Nc6 11. Re1 Qc7 12. Na3 a6 13. c3 b5 14. c4 Na7 15. b3 Bc6
16. Nb1 Qb7 17. cxd5 Bxd5 18. Nc3 Bc6 19. Ne4 Bxe4 20. Qxe4 Qxe4 21. Rxe4 Nc6
22. Bb2 Rc8 23. Ne1 O-O 24. Bh3 Rfd8 25. f4 c4 26. d4 Nb4 27. bxc4 bxc4 28. Bc3
Nd5 29. Ba5 Re8 30. f5 Bg5 31. fxe6 fxe6 32. Nc2 Rb8 33. Re2 Rb2 34. Bg2 N7b6
35. Bxb6 Nxb6 36. a3 c3 37. Rf2 Nc4 38. Be4 Rf8 39. Rxf8+ Kxf8 40. Rf1+ Ke7 41.
Bg6 Rxc2 42. Rf7+ Kd8 43. Rf8+ Kc7 44. Rf7+ Kb6 45. Bxc2 Nxa3 46. Be4 c2 47.
Rb7+ Ka5 48. Bxc2 Nxc2 49. d5 Nd4 50. dxe6 Nxe6 51. Kf2 Bd8 52. Kf3 Bb6 53. Re7
Ng5+ 54. Kg4 Bd4 55. Rd7 Bc3 56. Kf5 Kb5 57. Rb7+ Kc4 58. Rxg7 a5 59. Rxg5 hxg5
60. e6 1-0

[Event "First Saturday 2010 februar GM"]
[Site "?"]
[Date "2010.02.07"]
[Round "2"]
[White "Yu, Lie"]
[Black "Paschall, William M"]
[Result "1-0"]
[WhiteElo "2359"]
[BlackElo "2398"]
[PlyCount "137"]
[EventDate "2010.02.06"]

1. e4 c5 2. Nf3 Nc6 3. Bb5 d6 4. O-O Bd7 5. Re1 Nf6 6. c3 a6 7. Bf1 Bg4 8. h3
Bxf3 9. Qxf3 g6 10. Qd1 Bh6 11. d3 Bxc1 12. Qxc1 e5 13. Nd2 O-O 14. Nf3 Kg7 15.
Qd2 Re8 16. Rad1 b5 17. d4 cxd4 18. cxd4 Qb6 19. d5 Ne7 20. Nh2 Rac8 21. Ng4
Neg8 22. Bd3 Nxg4 23. hxg4 h6 24. Qe3 Qa5 25. a3 Nf6 26. f3 Rc7 27. Rc1 Rec8
28. Rxc7 Rxc7 29. Rc1 Rxc1+ 30. Qxc1 Qb6+ 31. Kf1 h5 32. g5 Nh7 33. Ke2 h4 34.
Qe3 Qd8 35. a4 bxa4 36. Bxa6 Qa5 37. Bd3 Qb4 38. Qd2 Qb6 39. Qc1 Qd4 40. Ba6
Qb6 41. Bd3 Qd8 42. Bb5 Nxg5 43. Bxa4 h3 44. gxh3 Nxh3 45. Qe3 Qa5 46. Bc6 Qa1
47. Qc3 Nf4+ 48. Kd2 Qf1 49. Qe3 Qg2+ 50. Kc3 Ne2+ 51. Kb4 Nd4 52. Qc3 Nxf3 53.
Ka5 Qf2 54. Ka6 Ng5 55. Qb4 Qf6 56. Kb7 Qe7+ 57. Kc8 Nh7 58. Qc4 Nf6 59. b4 Qa7
60. Bb7 Qe3 61. b5 Qh3+ 62. Kb8 Nd7+ 63. Kc7 Nc5 64. Kxd6 Nxb7+ 65. Kc7 Na5 66.
Qb4 Nb3 67. b6 Nd4 68. b7 Nc2 69. Qc5 1-0

[Event "First Saturday 2010 februar GM"]
[Site "?"]
[Date "2010.02.07"]
[Round "2"]
[White "Pap, Gyula"]
[Black "Platzgummer, Fabian"]
[Result "1-0"]
[WhiteElo "2478"]
[BlackElo "2401"]
[PlyCount "37"]
[EventDate "2010.02.06"]

1. d4 Nf6 2. Nf3 e6 3. g3 b5 4. Bg2 Bb7 5. O-O c5 6. c3 cxd4 7. cxd4 Qb6 8. Bg5
Be7 9. Nc3 d6 10. a4 bxa4 11. Qxa4+ Nbd7 12. Bxf6 Bxf6 13. d5 Ke7 14. Nd2 Bxc3
15. bxc3 e5 16. Qh4+ f6 17. Qg4 g6 18. Qe6+ Kd8 19. Nc4 1-0

[Event "First Saturday 2010 februar GM"]
[Site "?"]
[Date "2010.02.07"]
[Round "2"]
[White "Padmini, Rout"]
[Black "Rapport, Richard"]
[Result "1/2-1/2"]
[WhiteElo "2294"]
[BlackElo "2444"]
[PlyCount "96"]
[EventDate "2010.02.06"]

1. e4 c5 2. Nf3 d6 3. d4 cxd4 4. Nxd4 Nf6 5. Nc3 Nc6 6. Bg5 e6 7. Qd2 a6 8.
O-O-O Bd7 9. f4 h6 10. Bh4 g5 11. fxg5 Ng4 12. Be2 Nge5 13. Nf3 Be7 14. Rhg1 b5
15. Kb1 Rb8 16. a3 Rg8 17. Bg3 hxg5 18. Nxe5 Nxe5 19. Bxe5 dxe5 20. Bh5 Rh8 21.
g4 Rh6 22. Rgf1 Rf6 23. Qxg5 Kf8 24. Qxe5 b4 25. axb4 Rxb4 26. Rxf6 Bxf6 27.
Qd6+ Qe7 28. Qxd7 Qxd7 29. Rxd7 Bxc3 30. Rxf7+ Kg8 31. b3 Rxe4 32. Rf1 Kg7 33.
Bf7 Re2 34. h3 Re3 35. Ka2 Re2 36. b4 Bxb4 37. Kb3 a5 38. Rf3 Be7 39. Be8 Bf6
40. Bb5 Re1 41. c4 Bd4 42. Kc2 e5 43. Kd2 Ra1 44. Bc6 a4 45. Ke2 a3 46. Bd5 Bc5
47. Rf7+ Kg6 48. Rc7 Bf8 1/2-1/2

[Event "First Saturday 2010 februar GM"]
[Site "?"]
[Date "2010.02.07"]
[Round "2"]
[White "Varga, Zoltan"]
[Black "Quinn, Mark"]
[Result "1-0"]
[WhiteElo "2485"]
[BlackElo "2401"]
[PlyCount "120"]
[EventDate "2010.02.06"]

1. e4 c5 2. Nf3 d6 3. d4 Nf6 4. dxc5 Nxe4 5. cxd6 Nc6 6. Nbd2 Nxd6 7. Nc4 Nxc4
8. Qxd8+ Kxd8 9. Bxc4 f6 10. Be3 e5 11. O-O-O+ Kc7 12. Nd2 Bf5 13. Nb3 Bd6 14.
Nc5 Rad8 15. Ne6+ Bxe6 16. Bxe6 Rhe8 17. Bd5 f5 18. f3 h6 19. c3 b6 20. b4 Be7
21. g4 Nd4 22. Bf7 Ne2+ 23. Kc2 Rf8 24. Bc4 Nf4 25. Rxd8 Bxd8 26. Bd2 fxg4 27.
fxg4 Bh4 28. Rf1 Rf6 29. Rf3 Bg5 30. a4 Ng2 31. Bd5 Nf4 32. Be4 Rd6 33. Be1 Rd7
34. Bg3 Kd8 35. h4 Bf6 36. Rf2 Ke7 37. Rh2 Rc7 38. Kb3 Rd7 39. Kc2 Kd8 40. Bf2
Kc7 41. Rh1 Bd8 42. Re1 Rd6 43. Bg3 g5 44. h5 a6 45. Bf2 Kb8 46. Bf5 Nh3 47.
Bg3 Nf4 48. Rxe5 Bf6 49. Re8+ Kc7 50. Rc8+ Kb7 51. Rf8 Kc7 52. Rf7+ Kd8 53. c4
Bd4 54. Ra7 a5 55. bxa5 bxa5 56. Rxa5 Be3 57. Be1 Rc6 58. Ra8+ Ke7 59. Rc8 Ra6
60. Bb4+ Kf7 1-0

[Event "First Saturday 2010 februar GM"]
[Site "?"]
[Date "2010.02.07"]
[Round "2"]
[White "Sharma, Dinesh K"]
[Black "Ilincic, Zlatko"]
[Result "1-0"]
[WhiteElo "2344"]
[BlackElo "2464"]
[PlyCount "79"]
[EventDate "2010.02.06"]

1. e4 c5 2. Nf3 d6 3. d4 cxd4 4. Nxd4 Nf6 5. Nc3 a6 6. Bc4 e6 7. Bb3 b5 8. O-O
Bd7 9. a3 Nc6 10. Re1 Be7 11. Nxc6 Bxc6 12. Qf3 O-O 13. Qg3 Kh8 14. Bg5 h6 15.
Qh3 Nh7 16. Bxe7 Qxe7 17. Rad1 Rfd8 18. Rd2 a5 19. Qe3 Qb7 20. f3 a4 21. Ba2 b4
22. Nd1 Nf6 23. axb4 Qxb4 24. Qd4 Qb8 25. Re3 e5 26. Qc4 Qb6 27. Qxf7 d5 28.
exd5 a3 29. bxa3 Rxa3 30. dxc6 Rxd2 31. Qf8+ Kh7 32. Qxa3 Rxd1+ 33. Kf2 Qd4 34.
Qc3 Qh4+ 35. Ke2 Rg1 36. c7 Qxh2 37. Kd2 Qxg2+ 38. Re2 Qg5+ 39. Qe3 Qf5 40.
Qxg1 1-0

[Event "First Saturday 2010 februar GM"]
[Site "?"]
[Date "2010.02.08"]
[Round "3"]
[White "Quinn, Mark"]
[Black "Sharma, Dinesh K"]
[Result "1/2-1/2"]
[WhiteElo "2401"]
[BlackElo "2344"]
[PlyCount "60"]
[EventDate "2010.02.06"]

1. c4 f5 2. Nc3 Nf6 3. d4 g6 4. f3 Bg7 5. e4 d6 6. exf5 Bxf5 7. g4 Bd7 8. h4
Nc6 9. Be3 e5 10. d5 Nd4 11. h5 gxh5 12. g5 Ng8 13. Ne4 Qe7 14. Qd2 h6 15. Rxh5
Qf7 16. Rh2 hxg5 17. Rxh8 Bxh8 18. Nxg5 Qh5 19. O-O-O Ne7 20. Bxd4 exd4 21. Re1
Bf6 22. Ne6 Bxe6 23. Rxe6 Kf7 24. f4 Rg8 25. Nh3 Qf5 26. Qe1 Ng6 27. Qe4 Qxe4
28. Rxe4 Ne7 29. Kd2 Nf5 30. Ng5+ Bxg5 1/2-1/2

[Event "First Saturday 2010 februar GM"]
[Site "?"]
[Date "2010.02.08"]
[Round "3"]
[White "Rapport, Richard"]
[Black "Varga, Zoltan"]
[Result "1-0"]
[WhiteElo "2444"]
[BlackElo "2485"]
[PlyCount "81"]
[EventDate "2010.02.06"]

1. d4 d5 2. c4 dxc4 3. e3 c5 4. Bxc4 e6 5. Nf3 Nf6 6. O-O a6 7. Bd3 Nc6 8. Nc3
Bd7 9. a3 Rc8 10. dxc5 Bxc5 11. b4 Bd6 12. Bb2 Qe7 13. Rc1 O-O 14. Ng5 Ne5 15.
f4 Nxd3 16. Qxd3 Rfd8 17. Nce4 Nxe4 18. Qxe4 f5 19. Qxb7 a5 20. Rxc8 Bxc8 21.
Qxe7 Bxe7 22. b5 Bxg5 23. fxg5 Bb7 24. Rc1 Rd2 25. Be5 Rd5 26. Rc7 Rxe5 27.
Rxb7 Rxe3 28. Ra7 Rb3 29. a4 f4 30. h4 e5 31. h5 g6 32. h6 e4 33. Re7 Rb4 34.
b6 Rxb6 35. Rxe4 Rb4 36. Re8+ Kf7 37. Rh8 Rxa4 38. Rxh7+ Kg8 39. Rg7+ Kh8 40.
Rxg6 Ra3 41. Rf6 1-0

[Event "First Saturday 2010 februar GM"]
[Site "?"]
[Date "2010.02.08"]
[Round "3"]
[White "Platzgummer, Fabian"]
[Black "Padmini, Rout"]
[Result "0-1"]
[WhiteElo "2401"]
[BlackElo "2294"]
[PlyCount "100"]
[EventDate "2010.02.06"]

1. Nf3 Nf6 2. c4 c5 3. d4 cxd4 4. Nxd4 e5 5. Nb5 d5 6. cxd5 Bc5 7. e3 O-O 8.
N5c3 e4 9. Be2 a6 10. a3 Re8 11. b4 Bd6 12. Bb2 Be5 13. Ra2 Nbd7 14. Na4 Bxb2
15. Rxb2 Ne5 16. Rd2 Qd6 17. h3 b6 18. Rd4 g5 19. Nac3 Bf5 20. Nd2 Ned7 21. Nc4
Qc7 22. b5 Nc5 23. bxa6 Rxa6 24. Nb5 Qd7 25. Ncd6 Rd8 26. Rb4 Bg6 27. h4 gxh4
28. Rd4 Ra5 29. Rxh4 Qe7 30. Rf4 Rxd6 31. Nxd6 Qxd6 32. a4 Nfd7 33. Kf1 Ne5 34.
Bb5 Ned3 35. Rg4 Qh2 36. Rg3 Kf8 37. Rh3 Qd6 38. Qg4 Nb3 39. Rxe4 Nd2+ 40. Ke2
Nxe4 41. Qc8+ Kg7 42. Bxd3 Rxd5 43. Bxe4 Rd2+ 44. Kf3 Bxe4+ 45. Kxe4 Qd5+ 46.
Kf4 Rxf2+ 47. Rf3 Qd6+ 48. Ke4 Rxg2 49. Qc3+ Kg6 50. Qc8 Qb4+ 0-1

[Event "First Saturday 2010 februar GM"]
[Site "?"]
[Date "2010.02.08"]
[Round "3"]
[White "Paschall, William M"]
[Black "Pap, Gyula"]
[Result "0-1"]
[WhiteElo "2398"]
[BlackElo "2478"]
[PlyCount "73"]
[EventDate "2010.02.06"]

1. c4 e6 2. Nf3 Nf6 3. d4 d5 4. Nc3 Bb4 5. Qa4+ Nc6 6. e3 O-O 7. Bd3 dxc4 8.
Bxc4 a6 9. O-O Bd6 10. Qc2 e5 11. h3 b5 12. Bb3 exd4 13. exd4 Na5 14. Bg5 Nxb3
15. Qxb3 Bb7 16. d5 h6 17. Bxf6 Qxf6 18. Rad1 Rae8 19. Rd4 Qg6 20. Rg4 Qh5 21.
Rh4 Qg6 22. Rg4 Qh5 23. Rh4 Qf5 24. Rd1 Bc8 25. a4 bxa4 26. Qxa4 Qg6 27. Kf1
Bf5 28. Nd4 Bd3+ 29. Kg1 Qf6 30. Nf3 Be2 31. Re1 Bb5 32. Qd1 Bd7 33. Rxe8 Rxe8
34. Qd4 Qg6 35. Re4 Rb8 36. Nh4 Qg5 37. Qe3 0-1

[Event "First Saturday 2010 februar GM"]
[Site "?"]
[Date "2010.02.08"]
[Round "3"]
[White "Boros, Denes"]
[Black "Yu, Lie"]
[Result "1-0"]
[WhiteElo "2494"]
[BlackElo "2359"]
[PlyCount "87"]
[EventDate "2010.02.06"]

1. e4 c5 2. Nf3 Nc6 3. d4 cxd4 4. Nxd4 Nf6 5. Nc3 e5 6. Nf5 d5 7. exd5 Bxf5 8.
dxc6 bxc6 9. Qf3 Qd7 10. Bg5 e4 11. Qd1 Qe6 12. Qd4 Bd6 13. O-O-O Be5 14. Qc5
Rc8 15. Ba6 Rc7 16. Nb5 Rd7 17. Bc8 Rd5 18. Rxd5 Qxd5 19. Qxd5 Nxd5 20. Bxf5
cxb5 21. Bxe4 h6 22. Bd2 Nc7 23. Bb4 Kd7 24. g3 Re8 25. Rd1+ Kc8 26. Bc6 Rg8
27. Bc5 a6 28. f4 Bf6 29. Rd7 Ne6 30. Bb6 Bd8 31. Be3 Rf8 32. Ra7 Nc7 33. Bd4
g6 34. Bc5 Rg8 35. Bd6 g5 36. f5 g4 37. Bf4 h5 38. b4 Rh8 39. c4 h4 40. cxb5
axb5 41. a4 hxg3 42. hxg3 bxa4 43. b5 Rh5 44. b6 1-0

[Event "First Saturday 2010 februar GM"]
[Site "?"]
[Date "2010.02.08"]
[Round "3"]
[White "Farago, Ivan"]
[Black "Sahu, Sekhar Chandra"]
[Result "0-1"]
[WhiteElo "2512"]
[BlackElo "2258"]
[PlyCount "96"]
[EventDate "2010.02.06"]

1. d4 Nf6 2. c4 e6 3. Nc3 Bb4 4. Nf3 b6 5. Bg5 Bb7 6. e3 h6 7. Bh4 g5 8. Bg3
Ne4 9. Qc2 d6 10. Bd3 Bxc3+ 11. bxc3 Nxg3 12. fxg3 Nd7 13. O-O Qe7 14. Nd2
O-O-O 15. e4 g4 16. Rf4 Rdg8 17. Nf1 h5 18. Qf2 Rg7 19. Ne3 Qg5 20. Rf1 Re8 21.
Qd2 Re7 22. R4f2 Qa5 23. c5 bxc5 24. Nc4 Qa4 25. Qh6 Rg8 26. Rxf7 Rxf7 27. Rxf7
cxd4 28. Qxe6 Rd8 29. Nb2 Qc6 30. c4 Qb6 31. Nd1 Qa5 32. c5 Qxc5 33. Rf5 Qc1
34. Rf1 Qg5 35. Rf5 Qd2 36. Bb5 c6 37. Ba4 Kc7 38. Rf2 Qb4 39. Bb3 Ne5 40. h4
Qe1+ 41. Kh2 c5 42. Ba4 Qxe4 43. Qe7+ Rd7 44. Qg5 Rf7 45. Rb2 Nf3+ 46. gxf3
Qxf3 47. Rxb7+ Kxb7 48. Qd2 Qf1 0-1

[Event "First Saturday 2010 februar GM"]
[Site "?"]
[Date "2010.02.09"]
[Round "4"]
[White "Yu, Lie"]
[Black "Farago, Ivan"]
[Result "1-0"]
[WhiteElo "2359"]
[BlackElo "2512"]
[PlyCount "67"]
[EventDate "2010.02.06"]

1. e4 e6 2. d4 d5 3. Nd2 Nf6 4. e5 Nfd7 5. f4 c5 6. Ngf3 Nc6 7. Nb3 Be7 8. Be2
c4 9. Nbd2 f5 10. Nf1 b5 11. Ne3 Nb6 12. O-O Bd7 13. Bd2 Qc7 14. b3 O-O 15. Kh1
Be8 16. h3 Rc8 17. Be1 Kh8 18. g3 a5 19. Nh4 a4 20. g4 g6 21. Rb1 cxb3 22. cxb3
Nb4 23. gxf5 gxf5 24. bxa4 Nxa2 25. Bxb5 Bxb5 26. Rxb5 Bxh4 27. Bxh4 Nc3 28.
Qh5 Nxb5 29. axb5 Nc4 30. Rg1 Nxe3 31. Qh6 Ng4 32. hxg4 Qg7 33. Qxe6 Rfe8 34.
Qd6 1-0

[Event "First Saturday 2010 februar GM"]
[Site "?"]
[Date "2010.02.09"]
[Round "4"]
[White "Pap, Gyula"]
[Black "Boros, Denes"]
[Result "1-0"]
[WhiteElo "2478"]
[BlackElo "2494"]
[PlyCount "81"]
[EventDate "2010.02.06"]

1. d4 Nf6 2. Nf3 d5 3. c4 dxc4 4. e3 g6 5. Bxc4 Bg7 6. O-O O-O 7. Nc3 Ne8 8. h3
Nd6 9. Bb3 Nc6 10. e4 e5 11. Bg5 Qd7 12. dxe5 Nxe5 13. Nxe5 Bxe5 14. Nd5 Re8
15. Bf6 Qe6 16. Bxe5 Qxe5 17. f4 Qxb2 18. Nxc7 Bxh3 19. Rf2 Qc3 20. Rc1 Qe3 21.
Nd5 Qg3 22. Nf6+ Kg7 23. Nxe8+ Rxe8 24. Qxd6 Rxe4 25. Qd2 Re3 26. Bd5 Rd3 27.
Qb2+ Kh6 28. Bxb7 Bg4 29. Qe5 f5 30. Qe7 Bd1 31. Qg5+ Qxg5 32. fxg5+ Kxg5 33.
Bf3 Ba4 34. Rc7 h5 35. Rxa7 Rd4 36. Ra6 Bb5 37. Rb6 Bd7 38. Re2 f4 39. Re5+ Bf5
40. Rbb5 Kh4 41. Rxf5 1-0

[Event "First Saturday 2010 februar GM"]
[Site "?"]
[Date "2010.02.09"]
[Round "4"]
[White "Padmini, Rout"]
[Black "Paschall, William M"]
[Result "0-1"]
[WhiteElo "2294"]
[BlackElo "2398"]
[PlyCount "255"]
[EventDate "2010.02.06"]

1. e4 c5 2. Nf3 g6 3. c4 Bg7 4. d4 Nf6 5. Nc3 Qa5 6. Bd3 cxd4 7. Nxd4 Nc6 8.
Nb3 Qd8 9. O-O O-O 10. Be3 d6 11. f3 a5 12. a3 Nd7 13. Rc1 a4 14. Na1 Nc5 15.
Be2 Qa5 16. Qd2 Be6 17. Rfd1 Rfc8 18. Nd5 Bxd5 19. cxd5 Qxd2 20. Rxd2 Na5 21.
Rdc2 Nab3 22. Nxb3 axb3 23. Rd2 Na4 24. Rxc8+ Rxc8 25. Bd1 Nxb2 26. Bxb3 Rc1+
27. Kf2 Ra1 28. Rc2 Nd1+ 29. Ke2 Nxe3 30. Rc8+ Bf8 31. Kxe3 Rxa3 32. Rc3 b5 33.
f4 b4 34. Rd3 Bg7 35. Kd2 Ra1 36. Re3 Bc3+ 37. Kd3 Rb1 38. Bc2 Rh1 39. h3 Rg1
40. g4 Rf1 41. f5 Kg7 42. Kc4 Kf6 43. h4 Rh1 44. fxg6 hxg6 45. h5 gxh5 46. gxh5
Rxh5 47. Rf3+ Kg7 48. Rg3+ Kf8 49. Rf3 Rh2 50. Bd3 Rg2 51. Rh3 Kg7 52. Rf3 Rg4
53. Kb3 Rg2 54. Kc4 Rg1 55. Rh3 Rc1 56. Rg3+ Kf8 57. Rf3 Be1+ 58. Kb3 Rc3+ 59.
Kb2 Kg7 60. Be2 Rc5 61. Bd3 Ra5 62. Bc2 Bc3+ 63. Kb3 Ra3+ 64. Kc4 Be1 65. Bb3
Bc3 66. Bc2 Ra2 67. Bd3 Rb2 68. Rg3+ Kf8 69. Rf3 Be5 70. Rh3 Bf4 71. Rf3 Bh2
72. Rf1 Be5 73. Rb1 Rxb1 74. Bxb1 Bc3 75. Bd3 Kg7 76. Bf1 Kf6 77. Bg2 Ke5 78.
Bh1 Kf4 79. Bg2 Kg3 80. Bh1 Kf2 81. Kb3 Ke3 82. Kc4 Kd2 83. Kb3 Kd3 84. Bg2 Kd4
85. Bh1 Ke3 86. Kc4 Be1 87. Kb3 Kf2 88. Kc4 e6 89. dxe6 fxe6 90. Kb3 Ke3 91.
Kc4 Bd2 92. Bg2 Kf4 93. Bh1 Kg3 94. Kb3 Kf2 95. Kc4 Ke2 96. Bg2 Ke3 97. Bh1 Bc3
98. Bg2 Be1 99. Bh1 Bc3 100. Bg2 Kf4 101. Bh1 Ke5 102. Bg2 Be1 103. Bh1 Bc3
104. Bg2 Be1 105. Bh1 Bd2 106. Bg2 Kf6 107. Bh1 Ke7 108. Bg2 Kf6 109. Bh1 Kg5
110. Bg2 Kg4 111. Bh1 Kg3 112. Kb3 Kf2 113. Kc4 Ke2 114. Bg2 Ke3 115. Bh1 Bc3
116. Bg2 Kd2 117. Kb3 Kd3 118. Bh1 Kd4 119. Bg2 Kc5 120. Bh1 Be1 121. Bg2 Bd2
122. Bh1 Bc3 123. Bg2 Bf6 124. Bf3 Bg7 125. Bg2 d5 126. exd5 exd5 127. Kc2 Kd4
128. Bf1 {after 18 move} 0-1

[Event "First Saturday 2010 februar GM"]
[Site "?"]
[Date "2010.02.09"]
[Round "4"]
[White "Varga, Zoltan"]
[Black "Platzgummer, Fabian"]
[Result "1-0"]
[WhiteElo "2485"]
[BlackElo "2401"]
[PlyCount "61"]
[EventDate "2010.02.06"]

1. e4 c5 2. Nf3 d6 3. d4 cxd4 4. Nxd4 Nf6 5. f3 Nc6 6. c4 Qb6 7. Nc2 e6 8. Nc3
Be7 9. b3 O-O 10. Be3 Qc7 11. Qd2 Rd8 12. Rd1 b6 13. Be2 Bb7 14. Nb5 Qb8 15.
O-O Ne5 16. Qc3 Ng6 17. Rfe1 a6 18. Nbd4 Qc7 19. Qa1 Bf8 20. Rc1 Rac8 21. Bf1
Qb8 22. Bf2 Rd7 23. a4 Be7 24. a5 Bd8 25. axb6 Bxb6 26. Ne3 Qa7 27. Red1 d5 28.
exd5 exd5 29. b4 dxc4 30. Nxc4 Bc7 31. Nf5 1-0

[Event "First Saturday 2010 februar GM"]
[Site "?"]
[Date "2010.02.09"]
[Round "4"]
[White "Sharma, Dinesh K"]
[Black "Rapport, Richard"]
[Result "0-1"]
[WhiteElo "2344"]
[BlackElo "2444"]
[PlyCount "56"]
[EventDate "2010.02.06"]

1. e4 e5 2. f4 exf4 3. Nf3 Be7 4. Bc4 d5 5. exd5 Nf6 6. Nc3 Nbd7 7. d4 Nb6 8.
Bb5+ Bd7 9. Bxd7+ Qxd7 10. Bxf4 Nbxd5 11. Nxd5 Nxd5 12. Bd2 Qe6+ 13. Qe2 Qxe2+
14. Kxe2 c5 15. dxc5 Bxc5 16. c4 Nf6 17. Be3 Bxe3 18. Kxe3 O-O 19. Rhe1 Ng4+
20. Kd4 Rac8 21. h3 Rfd8+ 22. Kc3 b5 23. b3 Nf6 24. Rad1 Nd5+ 25. Kb2 bxc4 26.
bxc4 Rb8+ 27. Ka3 Rd6 28. cxd5 Ra6# 0-1

[Event "First Saturday 2010 februar GM"]
[Site "?"]
[Date "2010.02.09"]
[Round "4"]
[White "Ilincic, Zlatko"]
[Black "Quinn, Mark"]
[Result "1-0"]
[WhiteElo "2464"]
[BlackElo "2401"]
[PlyCount "79"]
[EventDate "2010.02.06"]

1. d4 e6 2. c4 b6 3. Nf3 Bb7 4. g3 Bb4+ 5. Bd2 Bxf3 6. exf3 Bxd2+ 7. Nxd2 Nc6
8. Nb3 a5 9. f4 Nf6 10. Bg2 a4 11. Nc1 d5 12. O-O O-O 13. Ne2 Qd7 14. Rc1 Ne7
15. Rc3 Ra5 16. Qc2 Rfa8 17. Rc1 c6 18. h3 h5 19. Kh2 g6 20. Ng1 b5 21. cxd5
Nfxd5 22. Rc5 Kg7 23. Nf3 f6 24. Nh4 R5a6 25. Be4 Qe8 26. a3 Rd8 27. Re1 Qf7
28. Qe2 Rd6 29. Nf3 Ra7 30. Bxd5 exd5 31. g4 hxg4 32. hxg4 Ng8 33. Qc2 Qd7 34.
Kg3 Nh6 35. Nh2 Nf7 36. Rc3 Nd8 37. Nf3 Re6 38. Rxe6 Qxe6 39. Re3 Qd6 40. Nh4
1-0

[Event "First Saturday 2010 februar GM"]
[Site "?"]
[Date "2010.02.10"]
[Round "5"]
[White "Rapport, Richard"]
[Black "Ilincic, Zlatko"]
[Result "1-0"]
[WhiteElo "2444"]
[BlackElo "2464"]
[PlyCount "77"]
[EventDate "2010.02.06"]

1. d4 Nf6 2. c4 e6 3. Nc3 d5 4. cxd5 exd5 5. Bg5 c6 6. Qc2 Be7 7. e3 Nbd7 8.
Bd3 Nh5 9. Bxe7 Qxe7 10. O-O-O Nhf6 11. Nf3 h5 12. Kb1 h4 13. Rc1 Kf8 14. Rhg1
g6 15. g4 hxg3 16. Rxg3 Nh5 17. Rg2 Ng7 18. Ne2 Rh6 19. Rcg1 Nf6 20. Nf4 Nf5
21. h4 Ke8 22. Ne5 Nxh4 23. Rh2 Kd8 24. Ka1 Bd7 25. f3 Kc7 26. Qf2 Rah8 27. Qg3
Kc8 28. Rgh1 Ne8 29. Rc1 Nc7 30. e4 dxe4 31. fxe4 g5 32. Nd5 Nxd5 33. exd5 Nf5
34. Rxh6 Rxh6 35. dxc6 bxc6 36. Ba6+ Kc7 37. Qc3 Kd8 38. d5 cxd5 39. Qc8+ 1-0

[Event "First Saturday 2010 februar GM"]
[Site "?"]
[Date "2010.02.10"]
[Round "5"]
[White "Platzgummer, Fabian"]
[Black "Sharma, Dinesh K"]
[Result "1/2-1/2"]
[WhiteElo "2401"]
[BlackElo "2344"]
[PlyCount "41"]
[EventDate "2010.02.06"]

1. c4 f5 2. d4 Nf6 3. Nf3 g6 4. g3 Bg7 5. Bg2 O-O 6. O-O d6 7. Nc3 Nc6 8. d5
Na5 9. Qd3 c5 10. dxc6 Nxc6 11. Rd1 Kh8 12. Qc2 Qe8 13. Nd5 Nxd5 14. cxd5 Ne5
15. Nd4 Bd7 16. a4 Qc8 17. Qb1 Ng4 18. b3 Qc5 19. e3 Rac8 20. Bb2 Nf6 21. Ba3
1/2-1/2